000 004620000a22001810004500
003 MACL
005 20160101120806.0
008 160101b xxu||||| |||| 00| 0 eng d
040 _aMACL
_cMACL
041 _aEnglish
082 _a345/LAL
100 _aLall, Moti
_926195
245 _aThe Code Of Criminal Procedure
_bAct IV of 1898
260 _bCentral Law Agency
_aAllahabad
350 _a25.50
650 _aCriminal Law
_93389
942 _cBK
_k345/LAL
_2ddc
999 _c36043
_d36043